00498nam a2200193 a 4500001001300000003000900013005001700022008004100039020001000080082001800090100001600108245001900124260003600143300000900179500003500188505004600223650001900269700001600288nice12345678IN_TiNIC20260116012135.0050524s1903 bosa grp 000 0 eng  ac10000a448.3421bFRA aFraser, W H aFrench Grammar aBostonbD.C.Heath and Co.c1903 a552p aincludes index and biblioraphy2 aNotes and References, Bibliography, Index aFrench Grammar1 aFraser, W H